<?xml version="1.0" encoding="UTF-8"?>
<marc:record xmlns:marc="http://www.loc.gov/MARC21/slim">
   <marc:leader>00000nam a2200000 a 4500</marc:leader>
   <marc:datafield ind1="1" ind2=" " tag="100">
      <marc:subfield code="a">Kiefer, Philip</marc:subfield>
      <marc:subfield code="4">aut</marc:subfield>
      <marc:subfield code="e">Verfasser/-in</marc:subfield>
   </marc:datafield>
   <marc:datafield ind1=" " ind2=" " tag="653">
      <marc:subfield code="a">Computer / SeniorIn</marc:subfield>
   </marc:datafield>
   <marc:datafield ind1=" " ind2=" " tag="653">
      <marc:subfield code="a">Computer / Einführung</marc:subfield>
   </marc:datafield>
   <marc:datafield ind1="0" ind2="0" tag="245">
      <marc:subfield code="a">Computer für Senioren</marc:subfield>
   </marc:datafield>
   <marc:datafield ind1="0" ind2="0" tag="245">
      <marc:subfield code="b">Die Anleitung in Bildern. Schritt für Schritt den PC entdecken und verstehen. Große, leserfreundliche Schrift (5. Auflage)</marc:subfield>
   </marc:datafield>
   <marc:datafield ind1="0" ind2="0" tag="245">
      <marc:subfield code="c">Kiefer, Philip</marc:subfield>
   </marc:datafield>
   <marc:datafield ind1=" " ind2="1" tag="264">
      <marc:subfield code="a">Bonn</marc:subfield>
      <marc:subfield code="b">Vierfarben</marc:subfield>
      <marc:subfield code="c">2025</marc:subfield>
   </marc:datafield>
   <marc:datafield ind1=" " ind2=" " tag="250">
      <marc:subfield code="a">5. Auflage, revidierte Ausgabe</marc:subfield>
   </marc:datafield>
   <marc:datafield ind1="1" ind2=" " tag="520">
      <marc:subfield code="a">Schalten Sie Ihren Computer an, und legen Sie einfach los! Dieses Buch macht es Ihnen leicht und leitet Sie durch alle nötigen Schritte. Sie benötigen keinerlei Vorwissen. Im Internet surfen, E-Mails schreiben, Fotos bearbeiten, Briefe ausdrucken – jeder Schritt wird Ihnen am Bild gezeigt, die Schrift ist gut lesbar, und alles wird ohne rätselhafte Fachbegriffe erklärt. Die Anleitungen sind für PC und Notebook gleichermaßen geeignet.&#xD;
&#xD;
Aus dem Inhalt:&#xD;
&#xD;
Alles problemlos einrichten&#xD;
Am Bildschirm zurechtfinden&#xD;
PC und Notebook mit Maus und Touchpad bedienen&#xD;
Im Internet surfen&#xD;
E-Mails schreiben und empfangen&#xD;
Kamera oder Drucker anschließen&#xD;
Fotos verschönern und präsentieren&#xD;
Texte schreiben und ausdrucken&#xD;
Sicher sein vor Viren und Co.&#xD;
Einstellungen für den Datenschutz&#xD;
Dateien geordnet ablegen&#xD;
Die Windows-Suche geschickt nutzen&#xD;
Programme selbst installieren&#xD;
Hilfe finden bei Problemen</marc:subfield>
   </marc:datafield>
   <marc:datafield ind1=" " ind2=" " tag="020">
      <marc:subfield code="a">9783842110304</marc:subfield>
      <marc:subfield code="9">9783842110304</marc:subfield>
   </marc:datafield>
   <marc:datafield ind1=" " ind2=" " tag="020">
      <marc:subfield code="a">3842110308</marc:subfield>
      <marc:subfield code="9">3842110308</marc:subfield>
   </marc:datafield>
   <marc:datafield ind1=" " ind2=" " tag="041">
      <marc:subfield code="a">ger</marc:subfield>
   </marc:datafield>
   <marc:datafield ind1=" " ind2=" " tag="300">
      <marc:subfield code="b">Illustrationen</marc:subfield>
   </marc:datafield>
   <marc:datafield ind1=" " ind2=" " tag="338">
      <marc:subfield code="a">Band</marc:subfield>
   </marc:datafield>
   <marc:datafield ind1=" " ind2=" " tag="300">
      <marc:subfield code="a">335 Seiten</marc:subfield>
   </marc:datafield>
</marc:record>
